000 00633cam a22002053a 4500
001 45068
003 PGUSA
005 20140828084030.0
008 140307s2014||||xxu|||||s|||||000 | eng d
040 _aPGUSA
_beng
042 _adc
100 1 _aMangasarian, M. M.
_q(Mangasar Mugurditch),
_d1859-1943
245 1 4 _aThe Truth About Jesus :
_bis He a Myth? : Illustrated
_h[electronic resource] /
_cM. M. Mangasarian
260 _bProject Gutenberg,
_c2014
506 _aPublic domain in the USA.
516 _aElectronic text
830 0 _aProject Gutenberg
_v45068
856 4 0 _uhttp://www.gutenberg.org/ebooks/45068
942 _cEB
999 _c274319
_d274319